| 000 | 01604cam a2200169 4500500 | ||
|---|---|---|---|
| 005 | 20260111091635.0 | ||
| 041 | _afre | ||
| 042 | _adc | ||
| 100 | 1 | 0 |
_aTourpe, Emmanuel _eauthor |
| 245 | 0 | 0 | _aRatzinger J. e.a., La provocazione del discorso su Dio, éd. T. Rainer Peters & Cl. Urban, tr. A. Aguti, coll. Gdt 314, Brescia, Queriniana, 2005, 20x12, 148 p., 13.50 € ISBN 88-399-0814-5 |
| 260 | _c2008. | ||
| 500 | _a87 | ||
| 520 | _aCette étude examine d’abord la question du pur amour, non pas frontalement (du point de vue de la spiritualité, de la philosophie ou d’une généalogie de la psychologie analytique), mais à partir des sédiments empiriques et contingents — très révélateurs de connotations variées — de la métaphore de la saignée. Nous abordons ensuite le pur amour à partir d’une poétique de la jalousie univoque, fiction ou fabilité de la toute-puissance, adaptée à l’infini et malséante au fini. | ||
| 520 | _aThe question of pure love is here studied not from the point of view of spirituality, of philosophy or of a genealogy of analytic psychology, but from the empiric and contingent deposits (which reveal various connotations) of the metaphor of blood-letting. The A. then treats of pure love with a consideration of a poetics of univocous jealousy, fiction of the all-power, adapted to the infinite, unseemly to the finite. | ||
| 786 | 0 | _nNouvelle revue théologique | 130 | 3 | 2008-09-01 | p. 647o-657o | 0029-4845 | |
| 856 | 4 | 1 | _uhttps://shs.cairn.info/revue-nouvelle-revue-theologique-2008-3-page-647o?lang=fr&redirect-ssocas=7080 |
| 999 |
_c1621704 _d1621704 |
||